| 000 | 01139cam a22003373a 4500 | ||
|---|---|---|---|
| 001 | 1096 | ||
| 005 | 20230821134013.0 | ||
| 008 | 981215s1999 nyua c 000 1 eng d | ||
| 020 | _a0590762583 (pbk.) | ||
| 020 | _a9780590762588 | ||
| 020 | _a0439051185 | ||
| 040 |
_aZAB _cZAB _dSLC _dOCL _dOCLCQ _dDLC _beng |
||
| 050 | 0 | 0 | _aPZ7.A6483 |
| 082 | _aFic | ||
| 100 | 1 | _aApplegate, Katherine | |
| 245 | 1 | 4 |
_aThe extreme / _cK.A. Applegate. |
| 260 |
_aNew York : _bScholastic, _c1999. |
||
| 300 |
_a146 pages : _billustrations ; _c20 cm |
||
| 490 | 0 |
_aAnimorphs ; _vBook 25 |
|
| 500 | _a"An Apple paperback." | ||
| 505 | _aO | ||
| 520 | _aWhen the evil Yeerks start wreaking havoc at the North Pole, Marco and the other Animorphs must use their special powers to stop them from taking over one of the coldest places on Earth. | ||
| 521 |
_a600
_bLexile |
||
| 521 |
_aO
_bRaz-Plus |
||
| 650 | 0 | _aScience fiction. | |
| 650 | 0 |
_aMetamorphosis _vJuvenile fiction. |
|
| 655 | 7 |
_aChildren's stories. _2lcsh |
|
| 655 | 7 |
_aScience fiction. _2gsafd |
|
| 906 |
_a7 _bcbc _ccopycat _d2 _encip _f19 _gy-genrareb |
||
| 942 |
_2ddc _cBK _n0 |
||
| 999 |
_c1096 _d1096 |
||